Online
Catalog

The social thought of Ortega y Gasset : (Record no. 39146)

MARC details
000 -CABECERA
campo de control de longitud fija 00506nam a2200145 a 4500
001 - NÚMERO DE CONTROL
campo de control 000039656
005 - FECHA Y HORA DE LA ÚLTIMA TRANSACCIÓN
campo de control 20201002033649.0
008 - DATOS DE LONGITUD FIJA--INFORMACIÓN GENERAL
campo de control de longitud fija 130715s2001 xxu 000 0 spa d
020 ## - NÚMERO INTERNACIONAL ESTÁNDAR DEL LIBRO
Número Internacional Estándar del Libro 0826213537
040 ## - FUENTE DE LA CATALOGACIÓN
Centro catalogador/agencia de origen DO-SdBNP
Lengua de catalogación spa
Centro/agencia transcriptor BNPHU
100 1# - ENTRADA PRINCIPAL--NOMBRE DE PERSONA
Nombre de persona Graham, John T.
Fechas asociadas al nombre 1928-
9 (RLIN) 65846
245 10 - MENCIÓN DE TÍTULO
Título The social thought of Ortega y Gasset :
Resto del título a systematic synthesis in postmodernism and interdisciplinarity /
Mención de responsabilidad, etc. John T. Graham.
260 ## - PUBLICACIÓN, DISTRIBUCIÓN, ETC.
Lugar de publicación, distribución, etc. Columbia :
Nombre del editor, distribuidor, etc. University of Missori Press,
Fecha de publicación, distribución, etc. 2001.
300 ## - DESCRIPCIÓN FÍSICA
Extensión 529 p. ;
Dimensiones 25 cm.
Holdings
Estado de retiro Estado de pérdida Restricciones de uso No para préstamo Código de colección Localización permanente Ubicación/localización actual Ubicación en estantería Fecha de adquisición Número de inventario Total de préstamos Signatura topográfica completa Código de barras Fecha visto por última vez Precio válido a partir de Tipo de ítem Koha
        Monografías: Libros y Folletos General General En catalogación 15.07.2013 LF1   39656-10 25.06.2020 25.06.2020 Préstamo en sala

Powered by Koha